[Event "Francophone-ch rapid 5th"]
[Site "Cannes"]
[Date "2018.07.14"]
[Round "2"]
[White "Rachez, Christophe"]
[Black "Apicella, Manuel"]
[Result "1/2-1/2"]
[WhiteElo "2005"]
[BlackElo "2501"]
[PlyCount "99"]
[EventDate "2018.07.14"]
[EventType "swiss (rapid)"]
[EventRounds "13"]
[EventCountry "FRA"]
[SourceTitle "CBM 185 Extra"]
[Source "ChessBase"]
[SourceDate "2018.07.29"]
[SourceVersion "1"]
[SourceVersionDate "2018.07.29"]
[SourceQuality "1"]

1. d4 Nf6 2. c4 g6 3. Nc3 Bg7 4. e4 d6 5. f3 0-0 6. Be3 Nbd7 7. Nh3 c5 8. d5 Ne5 9. Nf2 h5 10. Be2 e6 11. Qd2 exd5 12. cxd5 a6 13. a4 Re8 14. 0-0 Qa5 15. Qd1 Nh7 16. f4 Ng4 17. Nxg4 Bxg4 18. e5 Bf5 19. Bd3 Bxd3 20. Qxd3 dxe5 21. f5 e4 22. Qc4 Qb4 23. Qa2 c4 24. fxg6 fxg6 25. Kh1 Rad8 26. Rad1 Rd7 27. Qb1 Qb3 28. Bd4 b5 29. axb5 axb5 30. Bxg7 Kxg7 31. Nxe4 Qe3 32. Ng3 Qg5 33. Ne4 Qe5 34. Nc5 Rxd5 35. Rde1 Rxc5 36. Rxe5 Rcxe5 37. h3 Nf6 38. Qc1 Ne4 39. Kh2 h4 40. Qf4 Rf5 41. Qc7+ Kf6 42. Qc6+ Re6 43. Rxf5+ gxf5 44. Qxb5 Nd2 45. Qa5 Re2 46. Qd8+ Kf7 47. Qd7+ Kf6 48. Qd8+ Kf7 49. Qd7+ Kf6 50. Qd8+ 1/2-1/2